| 000 | 03111cgm a2200685Ia 4500 | ||
|---|---|---|---|
| 001 | 83545 | ||
| 005 | 20230410123857.0 | ||
| 007 | vd cvaizm | ||
| 008 | 061011p20061960nyu101 vljpn d | ||
| 035 | _a(OCoLC)ocn122787554 | ||
| 040 |
_aIaU _cNUI _dBTCTA _dUMC _dTXI |
||
| 066 | _c$1 | ||
| 020 | _a1559409991 | ||
| 020 | _a9781559409995 | ||
| 024 | 1 | _a715515020121 | |
| 028 | 4 | 2 |
_aCC1651D _bCriterion Collection |
| 035 | _a(OCoLC)122787554 | ||
| 041 | 0 |
_ajpn _beng |
|
| 043 | _aa-ja--- | ||
| 050 | 1 | 4 | _aCM DVD 01210 |
| 049 | _aGRAL | ||
| 245 | 0 | 0 |
_aJigoku _h[videorecording] / _cShin Tåohåo Kabushiki Kaisha ; såoshiki åOkura Mitsugi ; kikaku Kasane Såosuke ; kyakuhon Nakagawa Nobuo, Miyagawa Ichiråo ; kantoku Nakagawa Nobuo = _bHell / Shintoho Company, Ltd. ; a Mitsugu Okura production ; original concept by Sosuke Kasane ; screenplay by Nobuo Nakagawa and Ichiro Miyagawa ; directed by Nobuo Nakagawa. |
| 246 | 3 | 1 | _aHell |
| 246 | 1 |
_iAlso known as: _aSinners of hell |
|
| 250 | _aWidescreen. | ||
| 260 |
_a[Irvington, N.Y.] : _bCriterion Collection, _cc2006. |
||
| 300 |
_a1 videodisc (101 min.) : _bsd., col. ; _c4 3/4 in. + _e1 booklet (unp. : col. ill. ; 18 cm.) |
||
| 490 | 1 |
_aCriterion collection ; _v352 |
|
| 538 | _aDVD; region 1, NTSC; widescreen (2.35:1) presentation, ehanced for (16:9) televisions; Dolby digital mono. | ||
| 546 | _aIn Japanese with optional English subtitles. | ||
| 511 | 1 |
_6880-02 _aShigeru Amachi, Utako Mitsuya, Yoichi Numata. |
|
| 508 | _aChinematography, Morita Mamoru ; music, Watanabe Chåumei. | ||
| 500 | _aOriginally produced as a motion picture in 1960. | ||
| 500 | _aBooklet includes an essay by Asian cinema critic Chuck Stephens. | ||
| 520 | _aAfter a young theology student flees a hit-and-run accident, he is plagued by both his own guilt-ridden conscience and a mysterious, diabolical doppelgèanger. But all possible escape routes lead straight to hell... literally. | ||
| 500 | _aSpecial features: "Building the inferno : Nobuo Nakagawa and the making of 'Jigoku'" (documentary film, 2006, 39 min.); original theatrical trailer; Nobuo Nakagawa poster gallery; Shintoho Studios poster gallery. | ||
| 650 | 0 |
_aHell _vDrama. |
|
| 650 | 0 |
_aGuilt _vDrama. |
|
| 650 | 0 |
_aConscience _vDrama. |
|
| 650 | 4 | _aCine Japonés (inglés) | |
| 655 | 0 | _aHorror films. | |
| 655 | 0 | _aFeature films. | |
| 655 | 7 |
_aHorror films. _2gsafd |
|
| 655 | 7 |
_aFeature films _zJapan. _2gsafd |
|
| 700 | 1 |
_aåOkura, Mitsugi, _d1899-1978. |
|
| 700 | 1 | _aKasane, Såosuke. | |
| 700 | 1 |
_aNakagawa, Nobuo, _d1905- |
|
| 700 | 1 | _aMiyagawa, Ichiråo. | |
| 700 | 1 |
_aAmachi, Shigeru, _d1931-1985. |
|
| 700 | 1 |
_aMitsuya, Utako, _d1936-2004. |
|
| 700 | 1 |
_aNumata, Yåoichi, _d1924- |
|
| 700 | 1 | _aStephens, Chuck. | |
| 710 | 2 | _aShin Tåohåo Kabushiki Kaisha. | |
| 710 | 2 | _aCriterion Collection (Firm) | |
| 740 | 0 | 2 | _aBuilding the inferno : Nobuo Nakagawa and the making of Jigoku. |
| 830 | 0 |
_aCriterion collection (DVD videodiscs) ; _v352. |
|
| 938 |
_aBaker and Taylor _bBTCP _nbe2006015545 |
||
| 942 |
_2lcc _cdvd |
||
| 994 |
_aC0 _bDRFGD |
||
| 999 |
_c67619 _d67619 |
||